000 00612nam a2200229Ia 4500
003 OSt
005 20220918201217.0
006 a|||||r|||| 00| 0
007 ta
008 220917b |||||||| |||| 00| 0 eng d
024 _a92,399
037 _cTextual
040 _aARTS
_cARTS
_beng
041 _2eng
_aeng
082 _aV:76, H6,J0 (Y17D)
100 _aZeuner Fredericik E
_997501
245 0 _aDating the past
_b an introducation to geochronology
260 _c1946
650 _aHISTORY
942 _hV:76, H6,J0 (Y17D)
_cTEXL
_2CC
999 _c216052
_d216052